000 01855nam a22002537a 4500
003 Uzh_bibl
008 260501b |||||||| |||| 00| 0 ukr d
020 _c1.00
040 _aукр.
041 _2ukr
_aukr
080 _a821(477)
090 _a821(477)
_bМ 74
100 _aМокрієв, Юрій
245 _aПроліски
_hТекст
260 _aКиїв
_bМистецтво
_c1981
300 _a228 с.
_fВ опр.
520 _aДо збірника відомого українського радянського письменника ввійшли драми «І словом, і піснею... (Проліски)», «Слід на землі», комедії «Королева тюльпанів», «А мимо пролітають поїзди...» та «Чемодан надій». Остання написана в співавторстві з В. Рогозинським. У цих творах розглядаються питання формування особистості, виховання характеру громадянина, патріота своєї Вітчизни. Розрахований на керівників і учасників народних театрів, самодіяльних драматичних гуртків, широкі кола шанувальників театрального мистецтва.
521 _aДля широкого кола читачів
546 _aукр.
650 _aЛітературно-художнє видання
_yПереважно ХХ століття (радянський період)
_zУкраїна
653 _aЛюдина
_aМораль
_aСтосунки
_aПраця
_aСуспільство
655 _aЗбірник п’єс (драматургія)
_vЗбірник п'єс
942 _2udc
_cBK
999 _c17602
_d17602